| 000 | 00616nam a2200133Ia 4500 | ||
|---|---|---|---|
| 008 | 171212s9999 xx 000 0 und d | ||
| 020 | _a9781760460037 | ||
| 245 |
_ceditor Sanders, Will _aEngaging Indigenous Economy _bDebating diverse approaches |
||
| 260 |
_bANU E Press _c2016 |
||
| 440 | _aCentre for Aboriginal Economic Policy Research (CAEPR) | ||
| 650 | _aAboriginal Australians -- Economic conditions; Aboriginal Australians -- Land tenure; Business enterprises, Aboriginal Australian; Australia -- Ethnic relations -- Economic aspects | ||
| 650 | _aSociology | ||
| 856 | _uhttp://jstor.org/stable/j.ctt1d10hpt | ||
| 999 |
_c351097 _d351097 |
||